000 00895nam a2200265Ia 4500
003 OSt
005 20221005112955.0
006 a|||||r|||| 00| 0
007 ta
008 221004b |||||||| |||| 00| 0 pan d
020 _cINR 200.00
024 _a39005
037 _b1029, 12/03/2018, H.K. Prakashan
_cTextual
040 _aCRL
_cCRL
_bpan
041 _2pan
_apan
082 _aO153,1NRA9x, Q4
100 _aਰਾਹੀ, ਕਰਮ ਸਿੰਘ, ਂਚ.
245 0 _aਆ॥ਰੀ ਚਿੱਠੀ
260 _aਦਿੱਲੀ
_bਨੈFਨਲ ਬੁਕ Fਾਪ ਭਾਰਤ
_c2014
300 _a128ਪ0
_ccm.
650 _a ਪੰਜਾਬੀ ਕਾਵਿ
650 _aਪੰਜਾਬੀ ਸਾਹਿਤ
942 _hO153,1NRA9x, Q4
_cTEXL
_2cc
999 _c1026616
_d1026616